<?xml version="1.0" encoding="UTF-8"?>
<record
    xmlns:xsi="http://www.w3.org/2001/XMLSchema-instance"
    xsi:schemaLocation="http://www.loc.gov/MARC21/slim http://www.loc.gov/standards/marcxml/schema/MARC21slim.xsd"
    xmlns="http://www.loc.gov/MARC21/slim">

  <leader>00821nam a22002177a 4500</leader>
  <controlfield tag="005">20240524143230.0</controlfield>
  <datafield tag="010" ind1=" " ind2=" ">
    <subfield code="a">HIN-127705</subfield>
  </datafield>
  <datafield tag="020" ind1=" " ind2=" ">
    <subfield code="c">899.00</subfield>
    <subfield code="a">9789392568435</subfield>
  </datafield>
  <datafield tag="035" ind1=" " ind2=" ">
    <subfield code="a">HN-100051</subfield>
  </datafield>
  <datafield tag="037" ind1=" " ind2=" ">
    <subfield code="b">DBAD</subfield>
  </datafield>
  <datafield tag="082" ind1=" " ind2=" ">
    <subfield code="a">370</subfield>
  </datafield>
  <datafield tag="245" ind1=" " ind2=" ">
    <subfield code="a">&#x936;&#x93F;&#x915;&#x94D;&#x937;&#x93E; &#x915;&#x947; &#x92E;&#x928;&#x94B;&#x935;&#x947;&#x91C;&#x94D;&#x91E;&#x93E;&#x928;&#x93F;&#x915; &#x92A;&#x930;&#x93F;&#x92A;&#x947;&#x915;&#x94D;&#x937;&#x94D;&#x92F; /</subfield>
    <subfield code="c">Edited by Divya Sharma, Roli Tiwri and Shaista Ansari</subfield>
  </datafield>
  <datafield tag="250" ind1=" " ind2=" ">
    <subfield code="a">First</subfield>
  </datafield>
  <datafield tag="260" ind1=" " ind2=" ">
    <subfield code="a">Chhattisgarh </subfield>
    <subfield code="b">Aditi Publication</subfield>
    <subfield code="c">2023</subfield>
  </datafield>
  <datafield tag="270" ind1=" " ind2=" ">
    <subfield code="a">Opp. New Panchajanya Vidya Mandir, Near Tiranga Chowk, Kushalpur, Raipur,</subfield>
    <subfield code="b">Chhattisgarh</subfield>
    <subfield code="k">9425210308</subfield>
  </datafield>
  <datafield tag="300" ind1=" " ind2=" ">
    <subfield code="a">419&#x92A;&#x943;.</subfield>
    <subfield code="c">20&#x938;&#x947;&#x92E;&#x940; (&#x905;&#x91C;&#x93F;&#x932;&#x94D;&#x926;)</subfield>
  </datafield>
  <datafield tag="500" ind1=" " ind2=" ">
    <subfield code="a">References</subfield>
  </datafield>
  <datafield tag="700" ind1=" " ind2=" ">
    <subfield code="9">61637</subfield>
    <subfield code="a">Tiwari, Roli</subfield>
  </datafield>
  <datafield tag="700" ind1=" " ind2=" ">
    <subfield code="a"> Ansari, Shaista</subfield>
    <subfield code="9">61638</subfield>
  </datafield>
  <datafield tag="942" ind1=" " ind2=" ">
    <subfield code="2">ddc</subfield>
    <subfield code="c">HN</subfield>
    <subfield code="h">370</subfield>
    <subfield code="m">&#x936;&#x93F;&#x915;&#x94D;&#x937;&#x93E;&#x915;&#x947;</subfield>
  </datafield>
  <datafield tag="999" ind1=" " ind2=" ">
    <subfield code="c">203234</subfield>
    <subfield code="d">203234</subfield>
  </datafield>
  <datafield tag="952" ind1=" " ind2=" ">
    <subfield code="0">0</subfield>
    <subfield code="1">0</subfield>
    <subfield code="4">0</subfield>
    <subfield code="7">0</subfield>
    <subfield code="8">NFIC</subfield>
    <subfield code="a">L</subfield>
    <subfield code="b">L</subfield>
    <subfield code="d">2024-05-24</subfield>
    <subfield code="e">DBAD</subfield>
    <subfield code="g">899.00</subfield>
    <subfield code="l">0</subfield>
    <subfield code="o">370 &#x936;&#x93F;&#x915;&#x94D;&#x937;&#x93E;&#x915;&#x947;</subfield>
    <subfield code="p">HN-100051</subfield>
    <subfield code="r">2024-05-24 00:00:00</subfield>
    <subfield code="t">1</subfield>
    <subfield code="v">899.00</subfield>
    <subfield code="w">2024-05-24</subfield>
    <subfield code="y">HN</subfield>
  </datafield>
</record>
